Normal view
MARC view
- ادارة الصف - المدارس - تنظيم وادارة
Entry Topical Term
001 - CONTROL NUMBER
- control field: 21703
003 - CONTROL NUMBER IDENTIFIER
- control field: JO-AjAnu
005 - DATE AND TIME OF LATEST TRANSACTION
- control field: 20230606073745.0
008 - FIXED-LENGTH DATA ELEMENTS
- fixed length control field: 230606|| aca||aabn | a|a d
040 ## - CATALOGING SOURCE
- Original cataloging agency: JO-AjAnu
- Transcribing agency: JO-AjAnu
150 ## - HEADING--TOPICAL TERM
- Topical term or geographic name entry element: ادارة الصف - المدارس - تنظيم وادارة
670 ## - SOURCE DATA FOUND
- Source citation: Work cat.: (JO-AjAnu)11152: أبو نمرة، محمد خميس حسين، م.مشارك نازك عبد الحليم قطيشات, author 21702, أساسيات إدارة الصفوف وتنظيمها